Дело о выкупе земельных наделов временнообязанными крестьянами Е.Н., А.Н., Н.Н., В.Н., А.Н. Букреевых сельца Никольского при дер...

Доступно только в Электронных читальных залах Найти на картеНа карте
RUSMARC
00004254nmc2a2200000 x 450
001963132a0-f261-47f1-a592-8ae173c62fee
00520170920200532.0
100##$a20140331l18841885k l0rusy0189 ca
1010#$arus
102##$aRU
2001#$aДело о выкупе земельных наделов временнообязанными крестьянами Е.Н., А.Н., Н.Н., В.Н., А.Н. Букреевых сельца Никольского при деревне Студеном Колодезе Ливенского уезда Орловской губернии
$j22 мая 1884 г. - 17 сентября 1885 г.
251##$cДело
300##$aДело
300##$aОриг. заголовок дела: Дело Букреевых Е.Н., А.Н., Н.Н., В.Н., А.Н. Орловской губернии Ливенского уезда сельца Никольского, что при деревне Студеном Колодезе. 22 мая 1884 г. - 17 сентября 1885 г
801#0$aRU
$bРГИА
$c20140331
$gRCR
801#1$aRU
$bГлавНИВЦ
$c20140331
$2rusmarc
801#2$aRU
$bПБ им. Б.Н. Ельцина
$c20170920
$gRCR
$2rusmarc
850##$aРГИА
852##$aРГИА
$eФедеральное казенное учреждение "Российский государственный исторический архив" (РГИА)
$j1526
937##$hРГИА
$d11045685
$aASBIBLIO_SCAN
462#0$10012327ab3a-0548-404e-b4cb-e37355ac5039
$12001
$a1863-1889 гг.
$1251
$cОпись
$1852
$j26
461#0$10018ef30ad5-ff5c-4840-a721-74c62a200f95
$12001
$aГлавное выкупное учреждение Министерства финансов
$1251
$cФонд
$1852
$j577
215##$a56 л.
$d36,5х26 см
371##$aДокумент не является опубликованным и широко распространяемым
105##$ay###
1222#$ad
5171#$aДело Букреевых Е.Н., А.Н., Н.Н., В.Н., А.Н. Орловской губернии Ливенского уезда сельца Никольского, что при деревне Студеном Колодезе. 22 мая 1884 г. - 17 сентября 1885 г.
035##$a963132a0-f261-47f1-a592-8ae173c62fee
856##$uhttp://readingroom.main.prlib.ru/item.aspx?id_node=n105076020&mode=full
Формат отображения